Central Library OPAC University of Rajshahi

Protozoology / (Record no. 12182)

MARC details
000 -LEADER
fixed length control field 00838cam a2200289 a 4500
001 - CONTROL NUMBER
control field 12182
003 - CONTROL NUMBER IDENTIFIER
rucl marc code (BD-RjUL)
005 - DATE AND TIME OF LATEST TRANSACTION
control field 20211208235241.0
008 - FIXED-LENGTH DATA ELEMENTS--GENERAL INFORMATION
fixed length control field 140128s1973 nyua b 001 0 eng d
020 ## - INTERNATIONAL STANDARD BOOK NUMBER
International Standard Book Number 0387062394 (New York)
International Standard Book Number 3540062394
035 ## - SYSTEM CONTROL NUMBER
System control number (BD-RjUL)12231
040 ## - CATALOGING SOURCE
Original cataloging agency DLC
Transcribing agency DLC
Language of cataloging eng
Modifying agency (BD-RjUL)
041 1# - LANGUAGE CODE
Language code of text/sound track or separate title engger
082 ## - DEWEY DECIMAL CLASSIFICATION NUMBER
Classification number 593.1
Author mark and year GRP 1973
100 1# - MAIN ENTRY--PERSONAL NAME
Personal name Grell, K. G.
Fuller form of name (Karl G.)
9 (RLIN) 37731
245 10 - TITLE STATEMENT
Title Protozoology /
Statement of responsibility, etc. by Karl G. Grell.
260 ## - PUBLICATION, DISTRIBUTION, ETC. (IMPRINT)
Place of publication, distribution, etc. Berlin ;
-- New York :
Name of publisher, distributor, etc. Springer-Verlag,
Date of publication, distribution, etc. 1973.
300 ## - PHYSICAL DESCRIPTION
Pagination viii, 554 p. :
Illustrations illus. ;
Size 25 cm.
500 ## - GENERAL NOTE
General note Translation of Protozoologie.
504 ## - BIBLIOGRAPHY, ETC. NOTE
Bibliography, etc Includes index and Bibliography: p. [468]-541.
650 #0 - SUBJECT ADDED ENTRY--TOPICAL TERM
Topical term or geographic name as entry element Protozoology.
9 (RLIN) 37732
942 ## - ADDED ENTRY ELEMENTS (KOHA)
Source of classification or shelving scheme Dewey Decimal Classification
Koha item type Books
Holdings
Lost status Source of classification or shelving scheme Damaged status Not for loan Collection code Permanent Location Current Location Shelving location Date acquired Source of acquisition Cost, normal purchase price Total Checkouts Full call number Date last seen Copy number Koha item type
  Dewey Decimal Classification   Not For Loan Non-fiction Central Library, University of Rajshahi Central Library, University of Rajshahi Reading Room 03/09/1986 Tappan 50.90   593.1 GRP 1973 28/01/2014 C-1 Books